European Countries That Start With 2 Consonants - Statistics

General Stats
  • This quiz has been taken 75 times
  • The average score is 7 of 9
Answer Stats
Answer % Correct
Sweden
91%
Spain
90%
Czech Republic
88%
Switzerland
86%
Slovakia
84%
Slovenia
81%
France
77%
Greece
77%
Croatia
75%
No matching quizzes found
Score Distribution
Percent of People with Each Score
Percentile by Number Answered
Your Score History
You have not taken this quiz